Filosofía del derecho fundada en la ética / (Record no. 162598)

MARC details
000 -LEADER
campo de control de longitud fija 00806nam a22002175i 4500
001 - NÚMERO DE CONTROL
campo de control 162598
003 - IDENTIFICADOR DE NÚMERO DE CONTROL
campo de control ES-MaACL
005 - FECHA Y HORA DE LA ÚLTIMA TRANSACCIÓN
campo de control 20250809062600.0
008 - DATOS DE LONGITUD FIJA--INFORMACIÓN GENERAL
campo de control de longitud fija 940301s1879 sp |||| | spa d
040 ## - FUENTE DE CATALOGACIÓN
Centro catalogador/agencia de origen CAM
Lengua de catalogación spa
080 ## - NÚMERO DE LA CLASIFICACIÓN DECIMAL UNIVERSAL
Número de la Clasificación Decimal Universal 340.12
100 1# - ENTRADA PRINCIPAL--NOMBRE DE PERSONA
Nombre de persona Prisco, Giuseppe.
9 (RLIN) 131377
245 10 - MENCIÓN DEL TÍTULO
Título Filosofía del derecho fundada en la ética /
Mención de responsabilidad, etc. obra escrita en italiano por José Prisco ; traducida por J.B. de Hinojosa ; precedida por un prólogo escrito por Juan Manuel Orti y Lara.
260 ## - PUBLICACIÓN, DISTRIBUCIÓN, ETC.
Lugar de publicación, distribución, etc. Madrid :
Nombre del editor, distribuidor, etc. Imprenta y Librería de Miguel Guijarro,
Fecha de publicación, distribución, etc. 1879.
300 ## - DESCRIPCIÓN FÍSICA
Extensión XV, 415 p. ;
Dimensiones 22 cm.
650 #4 - PUNTO DE ACCESO ADICIONAL DE MATERIA--TÉRMINO DE MATERIA
Término de materia o nombre geográfico como elemento de entrada Derecho-
Subdivisión general Filosofía
9 (RLIN) 11620
700 1# - ENTRADA AGREGADA--NOMBRE PERSONAL
Nombre de persona Hinojosa, J.B. de.
9 (RLIN) 127991
700 1# - ENTRADA AGREGADA--NOMBRE PERSONAL
Nombre de persona Ortí y Lara, Juan Manuel.
9 (RLIN) 87534
852 ## - LOCALIZACIÓN
Ubicación ES-MaACL
Número de control de estantería E-13099
Nota libre -- Enc. hol.
Holdings
Estatus retirado Estado de pérdida Estado de daño No para préstamo Colección Biblioteca de origen Biblioteca actual Ubicación en estantería Fecha de adquisición Total de préstamos Signatura topográfica completa Código de barras Visto por última vez Precio de reemplazo Tipo de ítem Koha
        Libros del s. XIX Biblioteca del Ateneo de Madrid Biblioteca del Ateneo de Madrid Depósito 2 17/01/2008   E-13099 1170342 23/02/2023 23/02/2023 Libro impreso antiguo